Los franciscanos en América / (Record no. 11416)

MARC details
000 -LEADER
campo de control de longitud fija 00831nam a2200253 i 4500
001 - NÚMERO DE CONTROL
campo de control 11416
003 - IDENTIFICADOR DE NÚMERO DE CONTROL
campo de control ES-MaACL
005 - FECHA Y HORA DE LA ÚLTIMA TRANSACCIÓN
campo de control 20250831061859.0
007 - CAMPO FIJO DE DESCRIPCIÓN FÍSICA--INFORMACIÓN GENERAL
campo de control de longitud fija t|
008 - DATOS DE LONGITUD FIJA--INFORMACIÓN GENERAL
campo de control de longitud fija 921105s1992 sp |||| | spa j
020 ## - NÚMERO INTERNACIONAL ESTÁNDAR DEL LIBRO
Número Internacional Estándar del Libro 84-7100-480-1
080 ## - NÚMERO DE LA CLASIFICACIÓN DECIMAL UNIVERSAL
Número de la Clasificación Decimal Universal 271.3(8=60)"14/17"
100 1# - ENTRADA PRINCIPAL--NOMBRE DE PERSONA
Nombre de persona Abad Pérez, Antolín,
Fechas asociadas al nombre 1918-2007
9 (RLIN) 17934
245 14 - MENCIÓN DEL TÍTULO
Título Los franciscanos en América /
Mención de responsabilidad, etc. Antolín Abad Pérez.
260 ## - PUBLICACIÓN, DISTRIBUCIÓN, ETC.
Lugar de publicación, distribución, etc. Madrid :
Nombre del editor, distribuidor, etc. MAPFRE,
Fecha de publicación, distribución, etc. [1992]
300 ## - DESCRIPCIÓN FÍSICA
Extensión 318 p. :
Otras características físicas map. ;
Dimensiones 23 cm.
490 1# - MENCIÓN DE SERIE
Mención de serie Iglesia Católica en el Nuevo Mundo ;
Designación de volumen o secuencia 11
500 ## - NOTA GENERAL
Nota general Índices.
504 ## - NOTA DE BIBLIOGRAFÍA, ETC.
Nota de bibliografía, etc. Bibliografía: p. 298-302.
610 24 - PUNTO DE ACCESO ADICIONAL DE MATERIA--NOMBRE DE ENTIDAD CORPORATIVA
Nombre de entidad corporativa o nombre de jurisdicción como elemento de entrada Franciscanos-
Subdivisión geográfica América española-
Subdivisión de forma Historia.
9 (RLIN) 168998
830 00 - PUNTO DE ACCESO ADICIONAL DE SERIE-TÍTULO UNIFORME
Título uniforme Colección Iglesia Católica en el Nuevo Mundo (Mapfre)
Designación de volumen o secuencia 11
9 (RLIN) 179065
852 ## - LOCALIZACIÓN
Ubicación ES-MaACL
Número de control de estantería L-18741
Holdings
Estatus retirado Estado de pérdida Estado de daño No para préstamo Biblioteca de origen Biblioteca actual Ubicación en estantería Fecha de adquisición Fuente de adquisición Total de préstamos Signatura topográfica completa Código de barras Visto por última vez Precio de reemplazo Tipo de ítem Koha
        Biblioteca del Ateneo de Madrid Biblioteca del Ateneo de Madrid Depósito 2 17/01/2008     L-18741 1011639 23/02/2023 23/02/2023 Libro impreso